Arnold Schwarzenegger Quiz - Statistics

General Stats
  • This quiz has been taken 45 times
  • The average score is 5 of 15
Answer Stats
Hint Answer % Correct
He served as governor of this state: California
95%
One of his former or current proffesions: Actor
92%
One of his former or current proffesions: Bodybuilder
87%
Political Party: Republican
72%
Age: 72
44%
Wife (Formerly) Maria Shriver
38%
One of his pet goats: Lulu
15%
One of his pet goats: Whiskey
13%
One of his former or current proffesions: Author
8%
When was he born? July 30, 1947
8%
One of his former or current proffesions: Politican
8%
Who was the governor of the above that he replaced? Gray Davis
5%
Where was he born? Thal, Austria
5%
One of his former or current proffesions: Businessman
3%
One of his former or current proffesions: Filmaker
3%
No matching quizzes found
Score Distribution
Percent of People with Each Score
Percentile by Number Answered
Your Score History
You have not taken this quiz